<?xml version="1.0" encoding="UTF-8"?>
<marc:record xmlns:marc="http://www.loc.gov/MARC21/slim">
   <marc:leader>00000nam a2200000 a 4500</marc:leader>
   <marc:datafield ind1="1" ind2=" " tag="100">
      <marc:subfield code="a">Lubkoll, Lotta</marc:subfield>
      <marc:subfield code="4">aut</marc:subfield>
      <marc:subfield code="e">Verfasser/-in</marc:subfield>
   </marc:datafield>
   <marc:datafield ind1=" " ind2=" " tag="653">
      <marc:subfield code="a">Erlebnisbericht</marc:subfield>
   </marc:datafield>
   <marc:datafield ind1=" " ind2=" " tag="653">
      <marc:subfield code="a">Eselwanderung</marc:subfield>
   </marc:datafield>
   <marc:datafield ind1=" " ind2=" " tag="653">
      <marc:subfield code="a">Esel</marc:subfield>
   </marc:datafield>
   <marc:datafield ind1=" " ind2=" " tag="653">
      <marc:subfield code="a">Tierfreundschaft</marc:subfield>
   </marc:datafield>
   <marc:datafield ind1=" " ind2=" " tag="653">
      <marc:subfield code="a">Wandern</marc:subfield>
   </marc:datafield>
   <marc:datafield ind1=" " ind2=" " tag="653">
      <marc:subfield code="a">Wanderung</marc:subfield>
   </marc:datafield>
   <marc:datafield ind1=" " ind2=" " tag="653">
      <marc:subfield code="a">Wandern in Deutschland</marc:subfield>
   </marc:datafield>
   <marc:datafield ind1=" " ind2=" " tag="653">
      <marc:subfield code="a">Wandern in Österreich</marc:subfield>
   </marc:datafield>
   <marc:datafield ind1=" " ind2=" " tag="653">
      <marc:subfield code="a">Wandern in Italien</marc:subfield>
   </marc:datafield>
   <marc:datafield ind1=" " ind2=" " tag="653">
      <marc:subfield code="a">Mittelmeer</marc:subfield>
   </marc:datafield>
   <marc:datafield ind1=" " ind2=" " tag="653">
      <marc:subfield code="a">reisebericht</marc:subfield>
   </marc:datafield>
   <marc:datafield ind1=" " ind2=" " tag="653">
      <marc:subfield code="a">allein reisen</marc:subfield>
   </marc:datafield>
   <marc:datafield ind1=" " ind2=" " tag="653">
      <marc:subfield code="a">Alpen</marc:subfield>
   </marc:datafield>
   <marc:datafield ind1="0" ind2="0" tag="245">
      <marc:subfield code="a">Wandern, Glück und lange Ohren</marc:subfield>
   </marc:datafield>
   <marc:datafield ind1="0" ind2="0" tag="245">
      <marc:subfield code="b">mit Esel Jonny zu Fuß von München bis ans Mittelmeer</marc:subfield>
   </marc:datafield>
   <marc:datafield ind1="0" ind2="0" tag="245">
      <marc:subfield code="c">Lubkoll, Lotta</marc:subfield>
   </marc:datafield>
   <marc:datafield ind1=" " ind2="1" tag="264">
      <marc:subfield code="a">München</marc:subfield>
      <marc:subfield code="b">MALIK</marc:subfield>
   </marc:datafield>
   <marc:datafield ind1=" " ind2=" " tag="250">
      <marc:subfield code="a">13. Auflage 2023</marc:subfield>
   </marc:datafield>
   <marc:datafield ind1="1" ind2=" " tag="520">
      <marc:subfield code="a">Zum Schmunzeln: ein berührender Bericht über eine Eselwanderung &#xD;
In ihrem SPIEGEL-Bestseller erzählt Lotta Lubkoll von ihrer etwas anderen Alpenüberquerung mit einem vierbeinigen Gefährten.  &#xD;
Was wäre schon ein Traum, wenn er nicht ein kleines bisschen unrealistisch wäre? Doch erst der Tod ihres Vaters macht Lotta Lubkoll klar, dass man auch die ungewöhnlichsten Träume verwirklichen sollte, bevor es zu spät ist. Seit sie als Kind „Shrek“ gesehen hat, wünscht sie sich, einmal mit einem Esel die Alpen zu überqueren, die langohrigen Vierbeiner lassen sie nicht mehr los. &#xD;
Nun kündigt Lotta ihren Job und macht sich auf die Suche nach einem passenden Gefährten für ihr Abenteuer. Sie findet Jonny, einen grauweißen Esel, den sie sofort ins Herz schließt, und gemeinsam wandern die beiden los – von München immer Richtung Süden.  &#xD;
Ebenso unterhaltsam wie anrührend liest sich dieser Reisebericht der etwas anderen Art: Lotta Lubkoll erzählt von inspirierenden Begegnungen, Problemen mit versperrten Wegen und den Sorgen und Ängsten, die sie auch unterwegs verfolgen. Bei allem gibt Jonny den eher gemächlichen Rhythmus vor, und die temperamentvolle Lotta muss lernen, geduldig mit ihrem entschleunigten Esel zu sein. Das Positive daran: Erst bei drei Stundenkilometern entdeckt man die wahren Schätze am Wegesrand. &#xD;
»Zauberhaft!« ZDF Volle Kanne &#xD;
80 Tage, 600 Kilometer: Die Wanderung auf dem Traumpfad von München bis an die Adriaküste in Italien ist an sich schon kein leichtes Unterfangen – mit einem Esel im Schlepptau kommen noch ganz andere Schwierigkeiten hinzu. Umso schöner liest es sich, wie Lotta und ihr Jonny immer mehr zu einem unzertrennlichen Team zusammenwachsen. Ein wundervolles Buch über eine ganz besondere Freundschaft.  &#xD;
Eine herzerwärmende Reiseerzählung mit vielen spannenden Extras &#xD;
Ergänzend zum unterhaltsamen Text finden sich im Buch zahlreiche Fotos von der Reise und Illustrationen der Autorin, eine Landkarte sowie Tipps für das Wandern mit Eseln – vielleicht begeben Sie sich ja auch bald mit einem Esel auf Wanderschaft!  &#xD;
 </marc:subfield>
   </marc:datafield>
   <marc:datafield ind1=" " ind2=" " tag="020">
      <marc:subfield code="a">9783890295398</marc:subfield>
      <marc:subfield code="9">9783890295398</marc:subfield>
   </marc:datafield>
   <marc:datafield ind1=" " ind2=" " tag="020">
      <marc:subfield code="a">3890295398</marc:subfield>
      <marc:subfield code="9">3890295398</marc:subfield>
   </marc:datafield>
   <marc:datafield ind1=" " ind2=" " tag="041">
      <marc:subfield code="a">ger</marc:subfield>
   </marc:datafield>
   <marc:datafield ind1=" " ind2=" " tag="300">
      <marc:subfield code="b">Illustrationen</marc:subfield>
   </marc:datafield>
   <marc:datafield ind1=" " ind2=" " tag="338">
      <marc:subfield code="a">Band</marc:subfield>
   </marc:datafield>
   <marc:datafield ind1=" " ind2=" " tag="300">
      <marc:subfield code="a">286 Seiten, 24 ungezählte Seiten Tafeln</marc:subfield>
   </marc:datafield>
</marc:record>
